Normal view MARC view
  • Anízar, Sabino

Entry Nombre Personal

Number of records used in: 10

001 - NUMERO DE CONTROL

  • campo de control: 31157

003 - IDENTIFICADOR DE NUMERO DE CONTROL

  • campo de control: DLC

005 - FECHA Y HORA DE LA ÜLTIMA TRANSACCIÓN

  • campo de control: 20221104132204.0

008 - DATOS DE LONGITUD FIJA

  • campo de control de longitud fija: 140804n| azannaabn |n aaa c

010 ## - NÚMERO DE CONTROL DE LA BIBLIOTECA DEL CONGRESO

  • Número de control LC: ns2014003434

035 ## - NUMERO DE CONTROL

  • Número de control: (CaEvSKY)skya10544175

040 ## - FUENTE DE CATALOGACIÓN

  • Agencia original de catalogación: MX-MxITA
  • Lenguaje de catalogación: spa
  • Agencia de transcripción: MX-MxITA
  • Agencia que lo modifica: MX-MxUPN

100 1# - ENCABEZAMIENTO - NOMBRE PERSONAL

  • Nombre personal: Anízar, Sabino

670 ## - FUENTE EN LA QUE SE LOCALIZARON DATOS

  • Cita de la fuente: Aritmética elemental, 1918:
  • Información localizada: portada (Sabino Anízar)

670 ## - FUENTE EN LA QUE SE LOCALIZARON DATOS

  • Cita de la fuente: Elementos de geometría práctica para uso de las escuelas de instrucción primaria según los modernos métodos de enseñanza, 1904:
  • Información localizada: portada (Sabino Anízar)

902 ## - CATALOGADOR

  • Catalogador: Víctor Ruiz/041122